Собрание художественной прозы. Т. 3: Жермини Ласерте | Госпожа Жервезе | Шери (Запись № 12207322)
[ простой вид ]
| 000 -МАРКЕР | |
|---|---|
| контрольное поле | 01319nam2a2200265 4500 |
| 001 - ИДЕНТИФИКАТОР ЗАПИСИ | |
| контрольное поле | RU\NLR\BIBL_A\011543372 |
| 005 - ИДЕНТИФИКАТОР ВЕРСИИ | |
| контрольное поле | 20250626090623.0 |
| 010 ## - МЕЖДУНАРОДНЫЙ СТАНДАРТНЫЙ НОМЕР КНИГИ (ISBN) | |
| Номер (ISBN) | 978-5-4224-1354-6 |
| 021 ## - НОМЕР ГОСУДАРСТВЕННОЙ РЕГИСТРАЦИИ | |
| Код страны | Российская Федерация |
| Номер | 2017-85164 |
| Номер Листа государственной регистраци | 6079 |
| 035 ## - ДРУГИЕ СИСТЕМНЫЕ НОМЕРА | |
| Идентификатор записи | (RuMoRGB)009446827 |
| 035 ## - ДРУГИЕ СИСТЕМНЫЕ НОМЕРА | |
| Идентификатор записи | (NLR Aleph) 011543372 |
| 100 ## - ДАННЫЕ ОБЩЕЙ ОБРАБОТКИ | |
| Данные общей обработки | 20171130d2017 |||y0rusy50 ca |
| 101 0# - ЯЗЫК РЕСУРСА | |
| Язык текста, звукозаписи и т.д. | русский |
| Язык оригинала | французский |
| 102 ## - СТРАНА ПУБЛИКАЦИИ ИЛИ ПРОИЗВОДСТВА | |
| Страна публикации | Российская Федерация |
| 105 ## - ПОЛЕ КОДИРОВАННЫХ ДАННЫХ: ТЕКСТОВЫЕ МАТЕРИАЛЫ, МОНОГРАФИЧЕСКИЕ | |
| Кодированные данные о монографическом текстовом документе | z 001ay |
| 200 1# - ЗАГЛАВИЕ И СВЕДЕНИЯ ОБ ОТВЕТСТВЕННОСТИ | |
| Основное заглавие | Жермини Ласерте |
| -- | Госпожа Жервезе |
| -- | Шери |
| Сведения, относящиеся к заглавию | романы |
| Первые сведения об ответственности | [пер. с фр. С. Венгеровой и др.] |
| 215 ## - ФИЗИЧЕСКАЯ ХАРАКТЕРИСТИКА | |
| Специфическое обозначение материала и объем | 540, [3] с. |
| Другие сведения о физической характеристике | ил., портр. |
| 320 ## - ПРИМЕЧАНИЯ О НАЛИЧИИ В ДОКУМЕНТЕ БИБЛИОГРАФИИ / УКАЗАТЕЛЯ | |
| Текст примечания | Алф. указ.: с. 542 |
| 461 #0 - УРОВЕНЬ НАБОРА | |
| Встроенное поле | 001RU\NLR\BIBL_A\011543352 |
| -- | 2001#$aСобрание художественной прозы$e[в 3 т.]$fЭдмон де Гонкур, Жюль де Гонкур$g[вступ. ст. З.А. Венгеровой]$vТ. 3 |
| -- | 700#1$aГонкур$bЭ. де$f1822-1896$gЭдмон де$3RU\NLR\AUTH\7768690 |
| Системный номер (АБИС) связанной записи | 12207222 |
| Автор | Гонкур, Э. де (1822-1896) |
| Место публикации | Москва |
| Дата публикации | 2017 |
| Первые сведения об ответственности | Эдмон де Гонкур, Жюль де Гонкур |
| Имя издателя, распространителя и т.д. | Терра |
| Сведения, относящиеся к заглавию | [в 3 т.] |
| Заглавие | Собрание художественной прозы |
| ISBN | 9785422413515 |
| Номер тома | Т. 3 |
| 942 ## - ДОПОЛНИТЕЛЬНЫЕ ЭЛЕМЕНТЫ ЗАПИСИ (АБИС) | |
| Тип экземпляра АБИС | Книга |
| 980 ## - КОЛЛЕКЦИЯ | |
| Название коллекции | Национальная библиография |
| Тип экземпляра | Дата поступления | Источник поступления | Стоимость | Библиотека постоянного хранения | Библиотека текущего хранения | Место хранения | Шифр хранения | Штрих-код | Статус экземпляра |
|---|---|---|---|---|---|---|---|---|---|
| Книга | 30.11.2017 | Обязательный экземпляр | 0.00 | РНБ (Московский) | РНБ (Московский) | Русский книжный фонд: издания с 1957 года | 2017-3/32840 | 1-2077453 | |
| Книга | 30.11.2017 | Обязательный экземпляр | 0.00 | РНБ (Московский) | РНБ (Московский) | Русский книжный фонд: издания с 1957 года | 2017-3/32840 | 1-2077457 |